000 00655nam a2200241Ia 4500
003 OSt
005 20221007074630.0
006 a|||||r|||| 00| 0
007 ta
008 221006b |||||||| |||| 00| 0 eng d
024 _a21,900
037 _cTextual
040 _aFLL
_cFLL
_beng
041 _2eng
_aeng
082 _aX:321:Z2, P6.2
100 _aDugar S. M.
_9230242
245 0 _aMRTP law competition law & consumer protection law
250 _a4th
260 _aNagpur
_bWadhwa & Company India
_c2006
300 _alxxiii,2303,56p
_ccm.
942 _hX:321:Z2, P6.2
_cTEXL
_2CC
999 _c1153142
_d1153142